000 01108nam a2200289 i 4500
003 EG-GICUC
005 20260121101217.0
008 251113s1937 iq ||||fr|||| 00| 0 ara d
040 _a EG-GICUC
_bara
_c EG-GICUC
_d EG-GICUC
_erda
041 0 _aara
082 0 4 _221
_a345
_bع ب . ق
092 0 4 _221
099 _aLaw1 07 345 ع ب . ق 1937
100 0 _aعبد الحميد متولي
_eمؤلف.
245 1 2 _aالقانون الإداري بالعراق.
_nالجزء الأول،
_bمع مقارنته بالقانون الإداري المصري /
_cالدكتور عبد الحميد متولي.
264 3 _aبغداد :
_bمطبعة الجزيرة،
_c1937.
300 _a250 ؛صفحة
_c24 سم.
336 _2rda content
_atext
337 _2rda media
_aComputer
338 _2rda carrier
_aOnline Resource
504 _aيشتمل على إرجاعات ببليوغرافية.
546 _aالنص باللغة العربية
650 1 4 _aالقانون الإداري
856 4 0 _uhttps://fll.law.cu.edu.eg/fulltext/bks/B07-00737.pdf
905 _a32
942 _2ddc
_cBK
_e21
_n0
999 _c42985
_d42985